Escuela del dolor / [por] Paul W. Von Keppler ; tr. por Felipe Villaverde

שמור ב:
מידע ביבליוגרפי
מחבר ראשי: Von Keppler, Paul W. (autor)
פורמט: ספר
נושאים:
תגים: הוספת תג
אין תגיות, היה/י הראשונ/ה לתייג את הרשומה!

MARC

LEADER 00000nam^a2200000^u^4500
001 000544194
005 20250521000000.0
008 060220s1000^^^^^^^^^^^^r^^^^^000^0^spa^d
009 20260310131322.728
035 |a FMI 000013299 
037 |a Acervo Xavier Clavigero 
096 |a 4.2/450/B 
100 |a Von Keppler, Paul W.  |e (autor) 
245 1 0 |a Escuela del dolor / [por] Paul W. Von Keppler ; tr. por Felipe Villaverde 
264 |a Friburgo, Alemania : Herder, 1924 
300 |a 155 p. 
336 |a texto  |b txt  |2 rdacontenido 
337 |a sin mediación  |b n  |2 rdamedio 
338 |a volumen  |b nc  |2 rdasoporte 
597 |a Trad. del alemán. 
649 |a XX 
650 |a ESPIRITUALIDAD MODERNA 
910 |a Fondo Francisco Migoya Covarrubias S.J. 
920 |a Impresos - Libros 
930 |a Fondos Especiales 
905 |a 134 
901 |a SBC20934  |b IT2  |c ESP  |u 20250521 
902 |a https://opac.biblio.iteso.mx/vufind/Record/000544194